UM Logo
Normal view MARC view
  • Mathematics.

Entry Topical Term

Number of records used in: 1

001 - CONTROL NUMBER

  • control field: 48778

003 - CONTROL NUMBER IDENTIFIER

  • control field: OSt

005 - DATE AND TIME OF LATEST TRANSACTION

  • control field: 20230824101254.0

008 - FIXED-LENGTH DATA ELEMENTS

  • fixed length control field: 230824|| aca||aabn | a|a d

040 ## - CATALOGING SOURCE

  • Original cataloging agency: OSt
  • Transcribing agency: OSt

150 ## - HEADING--TOPICAL TERM

  • Topical term or geographic name entry element: Mathematics.

670 ## - SOURCE DATA FOUND

  • Source citation: Work cat.: (OSt): Lein, Amy E. author. 48776, Effectiveness of mathematical word problem solving interventions for students with learning disabilities and/or mathematics difficulties : , October 2020.